000
00290nam a22001097a 4500
008
170124b xxu||||| |||| 00| 0 eng d
020
_a
9780781772464
041
_a
eng
080
_2
6TH
_a
618.2
245
_a
LEADERSHIP ROLES AND MANAGEMENT FUNCTIONS IN NURSING
_c
MARQUIS, B.L
942
_2
udc
_c
BK
999
_c
3545
_d
3545